| 000 | 00000nam##2200000za#4500 |
| 001 | 9.700411 |
| 003 | CaOODSP |
| 005 | 20250506145324 |
| 007 | cr ||||||||||| |
| 008 | 150407|1986||||xxc|||||o f|0| 0 eng|d |
| 040 | |aCaOODSP|beng |
| 043 | |an-cn--- |
| 086 | 1 |aA53-1456/1986E-PDF |
| 110 | 1 |aCanada.|bAgriculture Canada. |
| 245 | 10|aBeef production from the dairy herd / |h[electronic resource]|c[by] R.J. Forrest and G.L. Roy. |
| 250 | |aRev. |
| 260 | |aOttawa - Ontario : |bAgriculture Canada |c1986. |
| 300 | |a28p.|bcoloured illus., tables |
| 500 | |aIncorrect copyright date (1992) printed in this publication. |
| 500 | |aHistorical publication digitized by Agriculture and Agri-Food Canada. |
| 504 | |aBibliography. |
| 590 | |a15-03-Supp|b2015-03-13 |
| 690 | 07|aPlants|2gcpds |
| 690 | 07|aWild plants|2gcpds |
| 720 | 1 |aForrest, R. J. |
| 720 | 1 |aRoy, G. L. |
| 775 | 08|tProduction de viande de boucherie à partir du cheptel laitier / |w(CaOODSP)9.644298 |
| 856 | 40|ahttp://publications.gc.ca|qPDF|s1793 KB|uhttps://publications.gc.ca/collections/collection_2015/aac-aafc/A53-1456-1986-eng.pdf |
| 986 | |aPublication 1456/E |